000 00731pam a2200241 a 4500
001 1950528
003 NUST - PNEC
005 20170116180852.0
008 870914s1989 nyua 001 0 eng
010 _a 87026879
020 _a0024177407
040 _cLIBRARY
050 0 0 _aQD31.2
_b.S757 1989
082 0 0 _a540 STO
100 1 _aStoker, H. Stephen
_q(Howard Stephen),
_d1939-
245 1 0 _aChemistry a science for today /
_cH. Stephen Stoker.
260 _aNew York :
_bMacmillan ;
_aLondon :
_bCollier Macmillan,
_cc1989.
300 _axi, 884 p. :
_bill. (some col.) ;
_c24 cm.
500 _aIncludes index.
650 0 _aChemistry.
_xGeneral
906 _a7
_bcbc
_corignew
_d1
_eocip
_f19
_gy-gencatlg
942 _2ddc
_cBK
999 _c64657
_d64657